PASCAL: An Introduction to Methodical Programming (Record no. 9243)
[ view plain ]
| 000 -LEADER | |
|---|---|
| fixed length control field | 00289nam a2200109 4500 |
| 082 ## - DEWEY DECIMAL CLASSIFICATION NUMBER | |
| Classification number | 005.133FIN |
| 100 ## - MAIN ENTRY--AUTHOR NAME | |
| Personal name | Findly, Dawat W. |
| 245 ## - TITLE STATEMENT | |
| Title | PASCAL: An Introduction to Methodical Programming |
| 260 ## - PUBLICATION, DISTRIBUTION, ETC. (IMPRINT) | |
| Place of publication | USA: |
| Name of publisher | Compuer Science, |
| Year of publication | 1978. |
| 856 ## - ELECTRONIC LOCATION AND ACCESS | |
| Uniform Resource Identifier | https://tinyurl.com/ygwtndco |
| 942 ## - ADDED ENTRY ELEMENTS (KOHA) | |
| Koha item type | Books |
| Withdrawn status | Lost status | Collection code | Home library | Current library | Shelving location | Date acquired | Full call number | Accession Number | Koha item type |
|---|---|---|---|---|---|---|---|---|---|
| Reference | Reference Section | Reference Section | Reference | 27/08/2014 | 001.6424 FIN (Shelf-01B) | 19074 | Books |